| 000 | 00353nam a2200145Ia 4500 | ||
|---|---|---|---|
| 008 | 230917s9999||||xx |||||||||||||| ||und|| | ||
| 040 |
_e151498 _aMAIN |
||
| 041 | _aEnglish | ||
| 082 | _a294.12 S23R | ||
| 100 | _aSharma, Sriram | ||
| 245 | 0 | _aRigveda Khandu | |
| 260 |
_aBareilly _bSanskriti Sansthan _c1977 |
||
| 300 | _a1437-1800p p. | ||
| 942 | _cBK | ||
| 999 |
_c194254 _d194254 |
||